| 000 | 01135 a2200289 4500 | ||
|---|---|---|---|
| 003 | OSt | ||
| 005 | 20180116192346.0 | ||
| 008 | 120531t xxu||||| |||| 00| 0 eng d | ||
| 010 | _a 2009279583 | ||
| 020 | _a9780789320520 | ||
| 020 | _a0789320525 | ||
| 035 | _a(OCoLC)ocn297147139 | ||
| 040 | _c0 | ||
| 082 | 0 | 4 | _a720 |
| 100 | 1 |
_aRichardson, Phyllis. _92779 |
|
| 245 | 1 | 0 |
_aXS future : _bnew ideas, small structures / _cPhyllis Richardson. |
| 246 | 3 | 0 | _aNew ideas, small structures |
| 260 |
_aNew York, NY : _bUniverse, _cc2009. |
||
| 300 |
_a224 p. : _bcol. ill. ; _c19 cm. |
||
| 500 | _aOriginally published in the United Kingdom in 2009 as XS extreme : big ideas, small buildings by Thames & Hudson. | ||
| 650 | 0 |
_aSmall buildings. _92780 |
|
| 650 | 0 |
_aArchitecture, Modern _y21st century. _92781 |
|
| 856 | 4 | 2 |
_3Contributor biographical information _uhttp://www.loc.gov/catdir/enhancements/fy1003/2009279583-b.html |
| 856 | 4 | 2 |
_3Publisher description _uhttp://www.loc.gov/catdir/enhancements/fy1003/2009279583-d.html |
| 942 |
_aSADA _cBK _k720 RIC 2009 _2ddc |
||
| 999 |
_c352764 _d352764 |
||